000
00299nam a22001337a 4500
008
181217b xxu||||| |||| 00| 0 eng d
020
_a
9780985689599
041
_a
eng
080
_2
3 TH
_a
615
100
_a
6
101
_a
FAR
245
_a
Pharmacy Technician Guide
_c
Mark.G
942
_2
udc
_c
BK
999
_c
53294
_d
53294